[Event "Open SSC Rostock 07"]
[Site "Rostock"]
[Date "2008.08.28"]
[Round "1.24"]
[White "Bardosch, Konstantin"]
[Black "Xu, Xianliang"]
[Result "0-1"]
[WhiteElo "1203"]
[BlackElo "1871"]
[PlyCount "144"]
[EventDate "2008.08.28"]
[EventType "swiss"]
[EventRounds "7"]
[EventCountry "GER"]
[Source "Th.Schwetlick"]
[SourceDate "2008.08.28"]
[WhiteTeam "SSC Rostock 07"]
[BlackTeam "SK Bebenhausen 1992"]

1. d4 d5 2. c4 e5 3. Nf3 Nc6 4. e3 Bg4 5. Nc3 Bb4 6. Bd2 Nf6 7. a3 Bxc3 8. Bxc3
e4 9. h3 Bh5 10. g4 Bg6 11. Nh4 Qd7 12. Nxg6 hxg6 13. Qb3 dxc4 14. Bxc4 b6 15.
O-O-O Na5 16. Bxa5 bxa5 17. g5 Nh5 18. Qb7 O-O 19. Qxe4 Kh8 20. Be2 Rab8 21.
Rd2 Rfe8 22. Qc2 Rb6 23. Rd3 Reb8 24. Rc3 Qd5 25. Rf1 Qa2 26. b4 Qd5 27. Rxc7
axb4 28. Rc8+ Rxc8 29. Qxc8+ Kh7 30. Qf8 Qb3 31. Qc5 Qxa3+ 32. Kd2 Qa4 33. Rc1
b3 34. Bd3 b2 35. Rb1 Rc6 36. Qb5 Qxb5 37. Bxb5 Rb6 38. Rxb2 a6 39. Kd3 axb5
40. d5 Kg8 41. Kd4 Kf8 42. Kc5 Rb8 43. Kc6 Rc8+ 44. Kd7 Rc5 45. Kd6 Rc4 46.
Rxb5 f6 47. Ke6 Re4+ 48. Kd7 fxg5 49. Rb8+ Kf7 50. Rb7 Nf6+ 51. Kc6+ Kf8 52.
Rb8+ Re8 53. Rxe8+ Kxe8 54. d6 Kd8 55. f3 Nd7 56. Kd5 Nb6+ 57. Ke6 Ke8 58. e4
Nc4 59. e5 Nb6 60. d7+ Nxd7 61. Kd6 Nb6 62. Kc5 Ke7 63. Kd4 Ke6 64. Ke4 Nd7 65.
f4 gxf4 66. Kxf4 Nxe5 67. Kg5 Kd5 68. h4 Ke4 69. h5 gxh5 70. Kxh5 Kf4 71. Kh4
g5+ 72. Kh3 Kf3 0-1

[Event "Open SSC Rostock 07"]
[Site "Rostock"]
[Date "2008.08.28"]
[Round "1.25"]
[White "Raitza, Egon"]
[Black "Bardosch, Karl Valentin"]
[Result "1-0"]
[WhiteElo "1869"]
[BlackElo "1183"]
[PlyCount "159"]
[EventDate "2008.08.28"]
[EventType "swiss"]
[EventRounds "7"]
[EventCountry "GER"]
[Source "Th.Schwetlick"]
[SourceDate "2008.08.28"]
[WhiteTeam "SSC Rostock 07"]
[BlackTeam "SSC Rostock 07"]

1. d4 d5 2. Nf3 Nf6 3. e3 c6 4. Bd3 Bg4 5. Nbd2 Nbd7 6. c4 dxc4 7. Bxc4 e6 8.
Qb3 Nb6 9. Bd3 Bd6 10. O-O O-O 11. e4 Bc7 12. Re1 Bf4 13. Qb4 a5 14. Qc5 Nfd7
15. Qc2 Nf6 16. Ne5 Bxe5 17. dxe5 Nfd7 18. f4 h6 19. Nf1 Na4 20. Ne3 Ndc5 21.
Nxg4 Qxd3 22. Qxd3 Nxd3 23. Rd1 Ndc5 24. Nf2 Rad8 25. Be3 Rxd1+ 26. Rxd1 Nxb2
27. Bxc5 Nxd1 28. Nxd1 Rd8 29. Bd6 c5 30. Nb2 Rc8 31. Nc4 a4 32. Nb6 Rc6 33.
Nxa4 Ra6 34. Nxc5 Rxa2 35. Nxb7 Ra1+ 36. Kf2 Rb1 37. Nc5 Rb2+ 38. Kf3 Kh7 39.
f5 exf5 40. exf5 Kg8 41. h3 Rb6 42. Ne4 Rb3+ 43. Kf4 Rb2 44. g3 Rb1 45. e6 f6
46. g4 Rh1 47. Kg3 Ra1 48. Kf3 Rh1 49. Nf2 Re1 50. Bc5 Re5 51. Bd4 Rb5 52. Ke4
Kf8 53. h4 Ke8 54. g5 fxg5 55. hxg5 hxg5 56. Bxg7 Rb4+ 57. Bd4 Ra4 58. Ng4 Ra5
59. f6 Kf8 60. Be5 Rb5 61. Kf5 Rb6 62. Ne3 Ra6 63. Ng4 Rb6 64. e7+ Ke8 65. Kxg5
Rb7 66. Bd6 Rd7 67. Ba3 Rd5+ 68. Kg6 Ra5 69. f7+ Kd7 70. e8=Q+ Kc7 71. Qe7+ Kc6
72. Ne5+ Kd5 73. Qd6+ Ke4 74. Ng4 Rb5 75. Nf2+ Ke3 76. Qd3+ Kf4 77. Qxb5 Ke3
78. Qf5 Kd4 79. Qd3+ Ke5 80. Qd6# 1-0

[Event "Open SSC Rostock 07"]
[Site "Rostock"]
[Date "2008.08.28"]
[Round "1.26"]
[White "Hartmann, Andreas"]
[Black "Wilting, Alexander"]
[Result "0-1"]
[WhiteElo "1165"]
[BlackElo "1903"]
[PlyCount "80"]
[EventDate "2008.08.28"]
[EventType "swiss"]
[EventRounds "7"]
[EventCountry "GER"]
[Source "Th.Schwetlick"]
[SourceDate "2008.08.28"]
[WhiteTeam "SV Einheit Schwerin"]
[BlackTeam "ESV Rot-Weiss Goettingen"]

1. c4 e6 2. Nc3 d5 3. cxd5 exd5 4. e3 Nf6 5. Nge2 Bf5 6. g3 c6 7. Bg2 Bd6 8.
O-O Bd3 9. Re1 O-O 10. Qb3 Ba6 11. d4 Nbd7 12. Bd2 Re8 13. Nc1 Nb6 14. Qc2 Nc4
15. Bf1 Qe7 16. Bxc4 Bxc4 17. b3 Ba6 18. f3 Qc7 19. N1e2 Rad8 20. e4 dxe4 21.
fxe4 Bb4 22. e5 Bxe2 23. Nxe2 Bxd2 24. Qxd2 Rxe5 25. Qf4 Re7 26. Qxc7 Rxc7 27.
Rad1 Re7 28. Kf2 Kf8 29. Kf3 Rde8 30. Rd2 Re3+ 31. Kf4 Nd5+ 32. Kg5 h6+ 33. Kg4
Nc3 34. Rf1 Nxe2 35. d5 R8e4+ 36. Kh3 cxd5 37. Rxd5 Ke7 38. Rdf5 f6 39. Rc5
Nf4+ 40. Kg4 Ne6+ 0-1

[Event "Open SSC Rostock 07"]
[Site "Rostock"]
[Date "2008.08.28"]
[Round "1.27"]
[White "Zimmermann, Ulrich"]
[Black "Kirchner, Holger"]
[Result "1-0"]
[WhiteElo "1818"]
[BlackElo "1141"]
[PlyCount "81"]
[EventDate "2008.08.28"]
[EventType "swiss"]
[EventRounds "7"]
[EventCountry "GER"]
[Source "Th.Schwetlick"]
[SourceDate "2008.08.28"]
[WhiteTeam "SK Bebenhausen 1992"]
[BlackTeam "Luebecker SV von 1873"]

1. e4 c6 2. d4 d5 3. e5 Bf5 4. c3 e6 5. Be3 Ne7 6. g4 Bg6 7. h4 h6 8. Bd3 Bxd3
9. Qxd3 Nd7 10. Nd2 Qc7 11. O-O-O f6 12. exf6 Nxf6 13. f3 O-O-O 14. Nh3 Rg8 15.
Bf4 Qd7 16. Rhe1 Re8 17. Nb3 g5 18. hxg5 hxg5 19. Bxg5 Rxg5 20. Nxg5 Bh6 21. f4
Bxg5 22. fxg5 Nxg4 23. Qg3 e5 24. Nc5 Qf5 25. Rg1 Qxg5+ 26. Rd2 exd4 27. Qxg4+
Qxg4 28. Rxg4 dxc3 29. bxc3 Kc7 30. Rg7 a6 31. Re2 Kd6 32. Nxb7+ Kd7 33. Nc5+
Kd6 34. Nxa6 c5 35. Nxc5 Kxc5 36. Rexe7 Rf8 37. Rgf7 Rb8 38. Rc7+ Kd6 39. Rb7
Re8 40. Kb2 Re2+ 41. Kb3 1-0

[Event "Open SSC Rostock 07"]
[Site "Rostock"]
[Date "2008.08.28"]
[Round "2.1"]
[White "Stutz, Reno"]
[Black "Szelag, Marcin"]
[Result "0-1"]
[WhiteElo "2068"]
[BlackElo "2474"]
[PlyCount "98"]
[EventDate "2008.08.28"]
[EventType "swiss"]
[EventRounds "7"]
[EventCountry "GER"]
[Source "Th.Schwetlick"]
[SourceDate "2008.08.28"]
[WhiteTeam "ASV Gruen-Weiss Wismar"]
[BlackTeam "SSC Rostock 07"]

1. e4 c5 2. c3 e6 3. d4 d5 4. exd5 Qxd5 5. Nf3 Nf6 6. Bd3 Nc6 7. O-O Be7 8. Be3
O-O 9. c4 Qd7 10. Ne5 Nxe5 11. dxe5 Rd8 12. Nc3 Qxd3 13. Qxd3 Rxd3 14. exf6
gxf6 15. Rad1 Rd7 16. Bh6 f5 17. Rfe1 Bf8 18. Bf4 f6 19. f3 Kf7 20. Kf2 b6 21.
b3 Be7 22. g3 e5 23. Be3 Rxd1 24. Rxd1 Be6 25. Nb5 a6 26. Nc7 Rc8 27. Nxa6 Ra8
28. Nc7 Rxa2+ 29. Rd2 Ra1 30. Rb2 h5 31. Ke2 h4 32. Kd3 h3 33. Rf2 Bd8 34. Nb5
Bd7 35. Nc3 Bc6 36. Kc2 Ke6 37. Kd2 Bc7 38. Kc2 Rg1 39. Kd3 Bd6 40. Ke2 Ra1 41.
Kd3 f4 42. gxf4 exf4 43. Bd2 Kf5 44. Kc2 Be5 45. Kd3 Bd4 46. Re2 Rf1 47. Nd5
Rxf3+ 48. Kc2 Bxd5 49. cxd5 Be5 0-1

[Event "Open SSC Rostock 07"]
[Site "Rostock"]
[Date "2008.08.28"]
[Round "2.2"]
[White "Tomczak, Rafal"]
[Black "Krueger, Alexander"]
[Result "1-0"]
[WhiteElo "2350"]
[BlackElo "2055"]
[PlyCount "59"]
[EventDate "2008.08.28"]
[EventType "swiss"]
[EventRounds "7"]
[EventCountry "GER"]
[Source "Th.Schwetlick"]
[SourceDate "2008.08.28"]
[WhiteTeam "SSC Rostock 07"]
[BlackTeam "SF Ostsee Warnemuende"]

1. e4 c5 2. Nf3 d6 3. d4 cxd4 4. Nxd4 Nf6 5. Nc3 e6 6. Bg5 Be7 7. Qd2 a6 8.
O-O-O Qc7 9. f3 b5 10. Bd3 Nc6 11. Nxc6 Qxc6 12. h4 Bb7 13. Kb1 h6 14. Be3 Nd7
15. Bd4 b4 16. Ne2 e5 17. Be3 a5 18. Ng3 Nb6 19. Nf5 Rg8 20. Qe2 Qc7 21. Bb5+
Bc6 22. f4 Bxb5 23. Qxb5+ Nd7 24. fxe5 dxe5 25. Rd2 Bf8 26. Rhd1 O-O-O 27. Qa6+
Kb8 28. Rd5 Bc5 29. Ne7 Nb6 30. Rxd8+ 1-0

[Event "Open SSC Rostock 07"]
[Site "Rostock"]
[Date "2008.08.28"]
[Round "2.3"]
[White "Schulz, Michael"]
[Black "Friedrich, Paul Robert"]
[Result "1-0"]
[WhiteElo "2260"]
[BlackElo "2043"]
[PlyCount "37"]
[EventDate "2008.08.28"]
[EventType "swiss"]
[EventRounds "7"]
[EventCountry "GER"]
[Source "Th.Schwetlick"]
[SourceDate "2008.08.28"]
[WhiteTeam "SC Zitadelle Spandau 1977"]
[BlackTeam "SC Neukloster"]

1. d4 Nf6 2. Bg5 g6 3. Bxf6 exf6 4. c4 Bg7 5. Nc3 O-O 6. g3 f5 7. Bg2 c5 8.
dxc5 Qc7 9. Nf3 Qxc5 10. Rc1 Nc6 11. b3 Rd8 12. O-O Bxc3 13. Rxc3 d5 14. Rd3
Be6 15. cxd5 Bxd5 16. Qc1 Qa5 17. Rfd1 Nb4 18. Qd2 Qc5 19. Rd4 1-0

[Event "Open SSC Rostock 07"]
[Site "Rostock"]
[Date "2008.08.28"]
[Round "2.5"]
[White "Rolle, Eric"]
[Black "Lehmann, Torsten"]
[Result "1-0"]
[WhiteElo "2241"]
[BlackElo "1970"]
[PlyCount "69"]
[EventDate "2008.08.28"]
[EventType "swiss"]
[EventRounds "7"]
[EventCountry "GER"]
[Source "Th.Schwetlick"]
[SourceDate "2008.08.28"]
[WhiteTeam "ESV 1949 Eberswalde"]
[BlackTeam "ESV 1949 Eberswalde"]

1. e4 c6 2. d4 g6 3. h4 h5 4. Nc3 d6 5. Bc4 e6 6. Nf3 f6 7. a4 Nh6 8. Qe2 Nf7
9. Bb3 Qe7 10. e5 d5 11. exf6 Qxf6 12. Bg5 Nxg5 13. hxg5 Qe7 14. g4 Bg7 15.
gxh5 gxh5 16. O-O-O Na6 17. Rde1 Bd7 18. Kb1 Nc7 19. Ne5 Bxe5 20. Qxe5 O-O-O
21. f4 Qf7 22. Rh4 Rdf8 23. Ne2 Ne8 24. c3 Ng7 25. Ng3 Nf5 26. Nxf5 Qxf5+ 27.
Bc2 Qxe5 28. Rxe5 Rfg8 29. g6 Rg7 30. Rexh5 Rhg8 31. Rh7 Kd8 32. Rxg7 Rxg7 33.
Rh8+ Kc7 34. Rh7 Rg8 35. f5 1-0

[Event "Open SSC Rostock 07"]
[Site "Rostock"]
[Date "2008.08.28"]
[Round "2.6"]
[White "Zoll, Detlef"]
[Black "Kliewe, Hans Juergen"]
[Result "0-1"]
[WhiteElo "2035"]
[BlackElo "2192"]
[PlyCount "78"]
[EventDate "2008.08.28"]
[EventType "swiss"]
[EventRounds "7"]
[EventCountry "GER"]
[Source "Th.Schwetlick"]
[SourceDate "2008.08.28"]
[WhiteTeam "ESV 1949 Eberswalde"]
[BlackTeam "ASV Gruen-Weiss Wismar"]

1. d4 d5 2. Nc3 Nf6 3. Bg5 c6 4. f3 Qb6 5. Qd2 e6 6. e4 Bb4 7. a3 Qa5 8. Bd3
Bxc3 9. bxc3 Nbd7 10. e5 Ng8 11. f4 f6 12. Bh4 c5 13. Nf3 c4 14. Be2 f5 15. O-O
Nf8 16. Rfb1 Ng6 17. Bg3 Qc7 18. a4 N8e7 19. h4 Bd7 20. h5 Nf8 21. Bh4 h6 22.
Qe1 Bc6 23. Qg3 Rg8 24. Kh1 O-O-O 25. Qe1 Be8 26. Nh2 g5 27. Bg3 Nh7 28. Qc1
Nc6 29. Bf2 g4 30. Bh4 Rd7 31. Nf1 Bxh5 32. Ng3 Be8 33. Qe3 Ne7 34. Rb5 Rd8 35.
Rc5 Bc6 36. a5 Rg7 37. Nh5 Rf7 38. Bxe7 Rxe7 39. Nf6 Rf8 {ZÜ} 0-1

[Event "Open SSC Rostock 07"]
[Site "Rostock"]
[Date "2008.08.28"]
[Round "2.7"]
[White "Stiemerling, Wilfried"]
[Black "Huhnstock, Rico"]
[Result "1-0"]
[WhiteElo "2184"]
[BlackElo "1885"]
[PlyCount "41"]
[EventDate "2008.08.28"]
[EventType "swiss"]
[EventRounds "7"]
[EventCountry "GER"]
[Source "Th.Schwetlick"]
[SourceDate "2008.08.28"]
[WhiteTeam "SC Rotation Pankow"]
[BlackTeam "Segeberger SF"]

1. d4 Nf6 2. c4 g6 3. Nc3 Bg7 4. e4 d6 5. f4 c5 6. d5 e6 7. Nf3 exd5 8. exd5
O-O 9. Be2 Bf5 10. O-O Ne4 11. Nxe4 Bxe4 12. Ng5 Re8 13. f5 Nd7 14. Bd3 Bxd3
15. Qxd3 Bf6 16. fxg6 hxg6 17. Qg3 Qe7 18. Bf4 Ne5 19. Qh4 Nxc4 20. Qh7+ Kf8
21. Ne6+ 1-0

[Event "Open SSC Rostock 07"]
[Site "Rostock"]
[Date "2008.08.28"]
[Round "2.8"]
[White "Jahn, Constanze"]
[Black "Raitza, Egon"]
[Result "1-0"]
[WhiteElo "2150"]
[BlackElo "1869"]
[PlyCount "63"]
[EventDate "2008.08.28"]
[EventType "swiss"]
[EventRounds "7"]
[EventCountry "GER"]
[Source "Th.Schwetlick"]
[SourceDate "2008.08.28"]
[WhiteTeam "USV Halle"]
[BlackTeam "SSC Rostock 07"]

1. e4 e6 2. d4 d5 3. exd5 exd5 4. c4 dxc4 5. Bxc4 Bd6 6. Qf3 Nf6 7. Ne2 O-O 8.
h3 c6 9. Nbc3 Nbd7 10. O-O Nb6 11. Bb3 Bd7 12. Bg5 Be7 13. Bf4 Qc8 14. Be5 Be6
15. Bc2 Nbd5 16. Nf4 Nxf4 17. Qxf4 Qd7 18. Rfe1 Rad8 19. Rad1 Qc8 20. Re3 Ne8
21. Rg3 f6 22. Qe4 f5 23. Qf4 Bf6 24. Re1 Qd7 25. Rge3 Nc7 26. Bxc7 g5 27. Qd6
Qxd6 28. Bxd6 Rxd6 29. Rxe6 Rxd4 30. Bxf5 Rd2 31. Rxf6 Rxf6 32. Ne4 1-0

[Event "Open SSC Rostock 07"]
[Site "Rostock"]
[Date "2008.08.28"]
[Round "2.9"]
[White "Hittinger, Immanuel"]
[Black "Hanisch, Sebastian"]
[Result "1-0"]
[WhiteElo "1941"]
[BlackElo "2109"]
[PlyCount "113"]
[EventDate "2008.08.28"]
[EventType "swiss"]
[EventRounds "7"]
[EventCountry "GER"]
[Source "Th.Schwetlick"]
[SourceDate "2008.08.28"]
[WhiteTeam "SK Bebenhausen 1992"]
[BlackTeam "SF Schwerin"]

1. d4 d5 2. c4 e6 3. Nc3 c6 4. Nf3 f5 5. e3 Nf6 6. Be2 Bd6 7. b3 Nbd7 8. Bb2
O-O 9. Qc1 Ne4 10. Nxe4 fxe4 11. Nd2 e5 12. O-O exd4 13. Bxd4 Ne5 14. f4 Ng4
15. cxd5 cxd5 16. Nb1 Qh4 17. Bxg4 Bxg4 18. Qe1 Qh5 19. Nc3 Bd7 20. Qd1 Bg4 21.
Qe1 Bb4 22. Qg3 Bxc3 23. Bxc3 g6 24. Rac1 Rac8 25. Bb2 Be2 26. Rfe1 Bd3 27. Qf2
Qf5 28. Ba1 g5 29. Qb2 Kf7 30. Qg7+ Ke6 31. Qxb7 Rcd8 32. Rc6+ Rd6 33. Rxd6+
Kxd6 34. Be5+ Ke6 35. Rc1 Qf7 36. Rc6+ Kf5 37. Rf6+ Qxf6 38. Bxf6 Kxf6 39. Qxd5
gxf4 40. exf4 Kg7 41. Qe5+ Kf7 42. Kf2 Re8 43. Qf5+ Ke7 44. Ke3 Kd6 45. g4 Re7
46. Qf6+ Re6 47. Qd4+ Kc6 48. Qxa7 Rh6 49. Qa8+ Kb6 50. Qd8+ Kb5 51. h4 Ra6 52.
Qd7+ Kb4 53. Qb7+ Kc3 54. Qxa6 Bxa6 55. Kxe4 Bd3+ 56. Ke5 Kb2 57. f5 1-0

[Event "Open SSC Rostock 07"]
[Site "Rostock"]
[Date "2008.08.28"]
[Round "2.10"]
[White "Xu, Xianliang"]
[Black "Hauff, Andre"]
[Result "1/2-1/2"]
[WhiteElo "1871"]
[BlackElo "2095"]
[PlyCount "48"]
[EventDate "2008.08.28"]
[EventType "swiss"]
[EventRounds "7"]
[EventCountry "GER"]
[Source "Th.Schwetlick"]
[SourceDate "2008.08.28"]
[WhiteTeam "SK Bebenhausen 1992"]
[BlackTeam "ESV 1949 Eberswalde"]

1. e4 c5 2. d4 e6 3. d5 d6 4. c4 g6 5. Nc3 e5 6. Bd3 Bg7 7. Nge2 Nf6 8. O-O O-O
9. Bg5 h6 10. Bd2 a6 11. a3 Nbd7 12. b4 Nh5 13. Ng3 Nf4 14. Qc2 h5 15. Nge2
Nxd3 16. Qxd3 b6 17. Rab1 Qh4 18. Qg3 Qxg3 19. Nxg3 h4 20. Nge2 f5 21. f3 f4
22. b5 a5 23. a4 Nf6 24. g4 g5 1/2-1/2

[Event "Open SSC Rostock 07"]
[Site "Rostock"]
[Date "2008.08.28"]
[Round "2.11"]
[White "Hamann, Dirk"]
[Black "Zimmermann, Ulrich"]
[Result "1-0"]
[WhiteElo "2088"]
[BlackElo "1818"]
[PlyCount "93"]
[EventDate "2008.08.28"]
[EventType "swiss"]
[EventRounds "7"]
[EventCountry "GER"]
[Source "Th.Schwetlick"]
[SourceDate "2008.08.28"]
[WhiteTeam "SF Ostsee Warnemuende"]
[BlackTeam "SK Bebenhausen 1992"]

1. e4 c5 2. Nf3 Nc6 3. d4 cxd4 4. Nxd4 Nf6 5. Nc3 e5 6. Ndb5 d6 7. Bg5 a6 8.
Na3 b5 9. Nd5 Be7 10. Nxe7 Nxe7 11. Bxf6 gxf6 12. c4 f5 13. cxb5 fxe4 14. bxa6
Qa5+ 15. Qd2 Qxd2+ 16. Kxd2 Bxa6 17. Bb5+ Bxb5 18. Nxb5 Kd7 19. Rhc1 Rhc8 20.
Rxc8 Rxc8 21. a4 f5 22. Ra3 Nd5 23. Rh3 Nf6 24. Rh6 Ke7 25. Nc3 Ke6 26. g4 Rg8
27. gxf5+ Kxf5 28. b4 Rg2 29. Nd1 Kg5 30. Rh3 Kg4 31. Rg3+ Rxg3 32. hxg3 Nd7
33. Ke3 Kf5 34. Nc3 Nb6 35. a5 Nc4+ 36. Ke2 e3 37. fxe3 Ke6 38. e4 Kd7 39. Na4
Kc6 40. a6 Na3 41. Kd3 Nb5 42. Nc3 Nd4 43. Kc4 Kb6 44. b5 h5 45. Kd5 Nf3 46.
Kxd6 Ka7 47. Kc7 1-0

[Event "Open SSC Rostock 07"]
[Site "Rostock"]
[Date "2008.08.28"]
[Round "2.12"]
[White "Wilting, Alexander"]
[Black "Valet, Richard"]
[Result "1/2-1/2"]
[WhiteElo "1903"]
[BlackElo "2071"]
[PlyCount "47"]
[EventDate "2008.08.28"]
[EventType "swiss"]
[EventRounds "7"]
[EventCountry "GER"]
[Source "Th.Schwetlick"]
[SourceDate "2008.08.28"]
[WhiteTeam "ESV Rot-Weiss Goettingen"]
[BlackTeam "Greifswalder SV"]

1. e4 c5 2. Nf3 Nc6 3. Nc3 e5 4. Bc4 Be7 5. d3 d6 6. Nd2 Nf6 7. Nf1 O-O 8. Ne3
Na5 9. Bd5 Nxd5 10. Nexd5 Nc6 11. O-O Bg5 12. f4 exf4 13. Bxf4 Be6 14. Qh5 h6
15. Rf2 Ne5 16. Ne3 g6 17. Bxg5 Qxg5 18. Qxg5 hxg5 19. Raf1 Rad8 20. Ncd5 Bxd5
21. Nxd5 Kg7 22. Nf6 Rh8 23. g4 Rh3 24. a4 1/2-1/2

[Event "Open SSC Rostock 07"]
[Site "Rostock"]
[Date "2008.08.28"]
[Round "2.13"]
[White "Jeske, Holger"]
[Black "Weber, Max"]
[Result "1-0"]
[WhiteElo "1748"]
[BlackElo "1614"]
[PlyCount "49"]
[EventDate "2008.08.28"]
[EventType "swiss"]
[EventRounds "7"]
[EventCountry "GER"]
[Source "Th.Schwetlick"]
[SourceDate "2008.08.28"]
[WhiteTeam "SSC Rostock 07"]
[BlackTeam "SSC Rostock 07"]

1. e4 e6 2. d4 d5 3. e5 c5 4. c3 Nc6 5. f4 Qb6 6. Nf3 Bd7 7. Qb3 Qxb3 8. axb3
cxd4 9. Nxd4 Nxd4 10. cxd4 Ne7 11. Be3 Nc6 12. Nc3 Be7 13. Bd3 Nb4 14. Bb1 O-O
15. O-O Rfc8 16. g4 a6 17. f5 Rf8 18. f6 gxf6 19. exf6 Bd6 20. Bf4 Bxf4 21.
Rxf4 Rfd8 22. g5 e5 23. dxe5 a5 24. Rh4 Ra6 25. Bxh7+ 1-0

[Event "Open SSC Rostock 07"]
[Site "Rostock"]
[Date "2008.08.28"]
[Round "2.14"]
[White "Moeller, Stefan"]
[Black "Steinhagen, Bernd"]
[Result "0-1"]
[WhiteElo "1684"]
[BlackElo "2316"]
[PlyCount "104"]
[EventDate "2008.08.28"]
[EventType "swiss"]
[EventRounds "7"]
[EventCountry "GER"]
[Source "Th.Schwetlick"]
[SourceDate "2008.08.28"]
[WhiteTeam "HSG Uni Rostock"]
[BlackTeam "SC Rotation Pankow"]

1. e4 c5 2. Nc3 Nc6 3. f4 e6 4. Nf3 d6 5. d3 Nf6 6. g3 Be7 7. Bg2 O-O 8. O-O
Rb8 9. h3 b5 10. Be3 d5 11. exd5 exd5 12. Bf2 b4 13. Ne2 Bb7 14. g4 Qc7 15. Bg3
Bd6 16. Qe1 Rfe8 17. Qf2 d4 18. Nh4 Ne7 19. f5 Ned5 20. Bxd6 Qxd6 21. Bxd5 Nxd5
22. Ng3 Ne3 23. Rfe1 Nxc2 24. Rxe8+ Rxe8 25. Rc1 Ne3 26. f6 g6 27. g5 Qe5 28.
Nf3 Bxf3 29. Qxf3 Qxg5 30. Kh1 Nf5 31. Rg1 Nxg3+ 32. Rxg3 Qe5 33. Rg1 Qe3 34.
Qg4 h5 35. Qd7 Qe6 36. Rxg6+ Kf8 37. Qxe6 Rxe6 38. Rh6 Ke8 39. Rxh5 Rxf6 40.
Kg2 Ra6 41. Rxc5 Rxa2 42. Rc2 a5 43. h4 a4 44. h5 Kf8 45. Kf3 Kg7 46. Ke4 a3
47. h6+ Kh7 48. bxa3 Rxc2 49. axb4 Rb2 50. Kxd4 Rxb4+ 51. Kc5 Rb1 52. d4 Kxh6
0-1

[Event "Open SSC Rostock 07"]
[Site "Rostock"]
[Date "2008.08.28"]
[Round "2.15"]
[White "Birnbaum, Wolf Dieter"]
[Black "Porsch, Harald"]
[Result "0-1"]
[WhiteElo "2096"]
[BlackElo "2195"]
[PlyCount "52"]
[EventDate "2008.08.28"]
[EventType "swiss"]
[EventRounds "7"]
[EventCountry "GER"]
[Source "Th.Schwetlick"]
[SourceDate "2008.08.28"]
[WhiteTeam "SF Ostsee Warnemuende"]
[BlackTeam "SC Rotation Pankow"]

1. Nf3 Nf6 2. g3 g6 3. Bg2 Bg7 4. O-O O-O 5. d4 d6 6. c4 Nbd7 7. Nc3 c6 8. e4
e5 9. Rb1 Re8 10. dxe5 dxe5 11. h3 Qc7 12. Be3 Nf8 13. Qe2 Be6 14. Nd2 N6d7 15.
f4 f5 16. Nf3 Kh8 17. Rfc1 Bg8 18. b4 Ne6 19. exf5 Nd4 20. Qd3 Nxf5 21. Ne4
Red8 22. Qa3 Nxe3 23. Qxe3 exf4 24. gxf4 Nf6 25. Ne5 Nxe4 26. Qxe4 g5 0-1

[Event "Open SSC Rostock 07"]
[Site "Rostock"]
[Date "2008.08.28"]
[Round "2.16"]
[White "Hingst, Silke"]
[Black "Jepp, Wolfgang"]
[Result "0-1"]
[WhiteElo "1774"]
[BlackElo "1531"]
[PlyCount "118"]
[EventDate "2008.08.28"]
[EventType "swiss"]
[EventRounds "7"]
[EventCountry "GER"]
[Source "Th.Schwetlick"]
[SourceDate "2008.08.28"]
[WhiteTeam "SSC Rostock 07"]
[BlackTeam "SV RUGIA Bergen"]

1. e4 c5 2. c3 Nc6 3. d4 cxd4 4. cxd4 d6 5. Nc3 g6 6. f4 Bg7 7. e5 dxe5 8. dxe5
Qxd1+ 9. Nxd1 e6 10. Nf3 Nge7 11. Bd3 O-O 12. O-O Rd8 13. Be4 Nd4 14. Be3 Nxf3+
15. Bxf3 Nf5 16. Bc5 Bf8 17. Bxf8 Kxf8 18. Nc3 a6 19. Rfd1 Ke7 20. Ne4 Nd4 21.
Nd6 Nxf3+ 22. gxf3 Bd7 23. Nxb7 Rdb8 24. Nc5 Bc6 25. b3 Bd5 26. Kf2 Rb5 27.
Rac1 Ra7 28. Ke3 a5 29. Rd4 Rc7 30. Nd3 Rxc1 31. Nxc1 Rc5 32. Nd3 Rc2 33. Ra4
Rxh2 34. Nf2 h5 35. Rxa5 Rg2 36. Ne4 h4 37. Ng5 Rc2 38. Kd3 Rc7 39. Ke2 f6 40.
Ne4 Bxe4 41. fxe4 fxe5 42. fxe5 g5 43. Kf3 Rc3+ 44. Kg2 h3+ 45. Kh2 g4 46. Ra7+
Kf8 47. Rh7 Rc2+ 48. Kg3 Rxa2 49. Kxg4 h2 50. Kg5 Kg8 51. Rh3 Kg7 52. Kh5 Rg2
53. Rh4 Rg6 54. Rxh2 Rh6+ 55. Kg4 Rxh2 56. Kf4 Rb2 57. Ke3 Rxb3+ 58. Kd4 Rb4+
59. Kd3 Kg6 0-1

[Event "Open SSC Rostock 07"]
[Site "Rostock"]
[Date "2008.08.28"]
[Round "2.17"]
[White "Jaehn, Janis"]
[Black "Boehm, Matthias"]
[Result "1/2-1/2"]
[WhiteElo "1514"]
[BlackElo "1756"]
[PlyCount "57"]
[EventDate "2008.08.28"]
[EventType "swiss"]
[EventRounds "7"]
[EventCountry "GER"]
[Source "Th.Schwetlick"]
[SourceDate "2008.08.28"]
[WhiteTeam "SF Schwerin"]
[BlackTeam "HSG Uni Rostock"]

1. f4 d5 2. b3 Nf6 3. Nf3 c5 4. e3 Nc6 5. Bb5 Bd7 6. O-O e6 7. Bb2 Be7 8. a3
Rc8 9. d3 a6 10. Bxc6 Bxc6 11. Ne5 O-O 12. Nd2 b5 13. Nxc6 Rxc6 14. a4 c4 15.
Nf3 c3 16. Ba3 b4 17. Bc1 Bc5 18. Qe2 Nd7 19. Kh1 a5 20. e4 dxe4 21. dxe4 Qc7
22. Be3 Rd8 23. Nd4 Bxd4 24. Bxd4 Nc5 25. Rad1 f6 26. Bxc5 Rxc5 27. Rxd8+ Qxd8
28. Ra1 Qe7 29. h3 1/2-1/2

[Event "Open SSC Rostock 07"]
[Site "Rostock"]
[Date "2008.08.28"]
[Round "2.18"]
[White "Pererva, Viktor"]
[Black "Kaulich, Philipp Theodor"]
[Result "0-1"]
[WhiteElo "1486"]
[BlackElo "1745"]
[PlyCount "54"]
[EventDate "2008.08.28"]
[EventType "swiss"]
[EventRounds "7"]
[EventCountry "GER"]
[Source "Th.Schwetlick"]
[SourceDate "2008.08.28"]
[WhiteTeam "SSC Rostock 07"]
[BlackTeam "SK Bebenhausen 1992"]

1. e4 c5 2. Nc3 Nc6 3. f4 g6 4. Bc4 Bg7 5. Nf3 e6 6. O-O Nge7 7. d3 O-O 8. Be3
d5 9. f5 dxc4 10. Bxc5 exf5 11. exf5 Bxf5 12. Nh4 Be6 13. Qf3 cxd3 14. cxd3 b6
15. Ba3 Nd4 16. Qe4 Nc2 17. Bxe7 Qxe7 18. Rac1 Nd4 19. Nd5 Qd8 20. Nc7 Rc8 21.
Nxe6 Nxe6 22. Rxc8 Qd4+ 23. Kh1 Rxc8 24. Qb7 Rc7 25. Qb8+ Qd8 26. Qxd8+ Nxd8
27. Re1 Ne6 0-1

[Event "Open SSC Rostock 07"]
[Site "Rostock"]
[Date "2008.08.28"]
[Round "2.19"]
[White "Kornblum, Dittmar"]
[Black "Friedel, Roland"]
[Result "1-0"]
[WhiteElo "1730"]
[BlackElo "1487"]
[PlyCount "53"]
[EventDate "2008.08.28"]
[EventType "swiss"]
[EventRounds "7"]
[EventCountry "GER"]
[Source "Th.Schwetlick"]
[SourceDate "2008.08.28"]
[WhiteTeam "Doberaner SV 90"]
[BlackTeam "SF Drensteinfurt"]

1. e4 e6 2. d4 d5 3. Nc3 dxe4 4. Nxe4 Bd7 5. Nf3 Bc6 6. Bd3 Nd7 7. Be3 Ngf6 8.
Nxf6+ Nxf6 9. O-O Bxf3 10. Qxf3 c6 11. Rfe1 Be7 12. c4 O-O 13. Rad1 Qa5 14. a3
Rfe8 15. Bd2 Qb6 16. Bc3 Qc7 17. Qh3 g6 18. Qf3 Nh5 19. g3 Rad8 20. Re5 Ng7 21.
Re2 Nf5 22. Bxf5 exf5 23. Rde1 Qd7 24. d5 cxd5 25. cxd5 Bd6 26. Qd3 Rxe2 27.
Rxe2 1-0